| 000 | 00930nam a22002777a 4500 | ||
|---|---|---|---|
| 005 | 20130717130045.0 | ||
| 010 | _aENG-104963 | ||
| 020 |
_a9788185044781 _c345.00 |
||
| 020 |
_a8185044783 _c345.00 |
||
| 035 | _aEN-88496 | ||
| 035 | _aB-491147-151 | ||
| 037 | _bDBAD/PUB | ||
| 037 |
_bBSB/Ven _adpl |
||
| 082 | _a338.5024658 | ||
| 100 | _aRaj Kumar | ||
| 245 |
_aBusiness economics : _cby Raj Kumar [and] Er. Gurjeet Singh _bapplications & analysis / |
||
| 250 | _a4th rev. ed | ||
| 260 |
_aNew Delhi _bUDH Publishers & Distributors _c2011 |
||
| 270 |
_a4762-63, Ansari Road, Darya Ganj _bNew Delhi _e110002 |
||
| 300 |
_axiv,345p. _c24cm(pbk) _bill. |
||
| 500 | _aIncludes index | ||
| 700 |
_944960 _aEr. Amardeep Singh |
||
| 700 |
_aEr. Gurjeet Singh _944973 |
||
| 942 |
_2ddc _cEN _mRAJ _h338.5024658 |
||
| 999 |
_c64892 _d64892 |
||